000 00698nam a2200253Ia 4500
005 20260121161225.0
008 008 260114s9999 xx 000 0 eng d
020 _a9781003301011
037 _aEBOOK
040 _aCRL
040 _beng
040 _cCRL
041 _2eng
041 _aeng
084 _qCRL
100 _aBritany Jenine Gatewood; Bahiyyah Miallah Muhammad; Sydni Myat Turner
_91041745
245 0 _aBlack Children of Incarcerated Parents Speak Truth to Power:Social Revolution
260 _bTaylor and Francis
260 _c2024
856 _uhttp://www.taylorfrancis.com/books/9781003301011
942 _cEBOOK
999 _c1608561
_d1608561